|
LDR
| 02488nam a2200577 i 4500 |
|---|
| 001 | 30549 |
|---|
| 003 | CZ-PrJAB |
|---|
| 005 | 20181119110217.0 |
|---|
| 007 | ta |
|---|
| 008 | 180718s2018 xr ac f 100 0 cze |
|---|
| 015 | | . |
‡acnb003009395 |
|---|
| 020 | | . |
‡a978-80-87338-82-7
‡q(brožováno) :
‡cneprodejné |
|---|
| 035 | | . |
‡a(CZ PrNK)nkc20183009395 |
|---|
| 040 | | . |
‡aOLA001
‡bcze
‡erda |
|---|
| 041 | 1 | . |
‡acze
‡aeng
‡hcze |
|---|
| 072 | | 7. |
‡a364-1/-7
‡xDruhy sociální pomoci a služeb
‡2Konspekt
‡918 |
|---|
| 080 | | . |
‡a316.346.32-053.2
‡2MRF |
|---|
| 080 | | . |
‡a364.6-053.2
‡2MRF |
|---|
| 080 | | . |
‡a364-782.4
‡2MRF |
|---|
| 080 | | . |
‡a364-783.2-053.2
‡2MRF |
|---|
| 080 | | . |
‡a364-787.24
‡2MRF |
|---|
| 080 | | . |
‡a364-786
‡2MRF |
|---|
| 080 | | . |
‡a(062.534)
‡2MRF |
|---|
| 111 | 2 | . |
‡aNáhradní péče o ohrožené děti v některých evropských zemích (konference)
‡d(2017 :
‡cPlzeň, Česko)
‡7ko20181002454
‡4aut |
|---|
| 245 | 1 | 0. |
‡aNáhradní péče o ohrožené děti v některých evropských zemích :
‡bsoubor přednášek z mezinárodní konference : Plzeň, 7. června 2017 = Substitute Care for Children in need in some European Countries : a set of lectures from an international conference : Pilsen, 2017 /
‡cpořadatelé: Plzeňský kraj a Federace dětských domovů ČR-FICE, z.s. |
|---|
| 246 | 3 | 1. |
‡aSubstitute Care for Children in need in some European Countries |
|---|
| 250 | | . |
‡aVydání první |
|---|
| 264 | | 1. |
‡aPlzeň :
‡bStarý most,
‡c2018 |
|---|
| 300 | | . |
‡a87, 73 stran :
‡bbarevné ilustrace, portréty ;
‡c21 cm |
|---|
| 336 | | . |
‡atext
‡btxt
‡2rdacontent |
|---|
| 337 | | . |
‡abez média
‡bn
‡2rdamedia |
|---|
| 338 | | . |
‡asvazek
‡bnc
‡2rdacarrier |
|---|
| 546 | | . |
‡aSouběžný anglický text tištěn zvratmo |
|---|
| 650 | 0 | 7. |
‡aděti a mládež
‡7ph119707
‡2czenas |
|---|
| 650 | 0 | 7. |
‡aohrožené děti
‡7ph947210
‡2czenas |
|---|
| 650 | 0 | 7. |
‡anáhradní výchovná péče
‡7ph412795
‡2czenas |
|---|
| 650 | 0 | 7. |
‡aústavní výchova
‡7ph487770
‡2czenas |
|---|
| 650 | 0 | 7. |
‡asanace rodiny
‡7ph648770
‡2czenas |
|---|
| 650 | 0 | 7. |
‡asociální integrace
‡7ph125789
‡2czenas |
|---|
| 650 | 0 | 9. |
‡achildren and youth
‡2eczenas |
|---|
| 650 | 0 | 9. |
‡avulnerable children
‡2eczenas |
|---|
| 650 | 0 | 9. |
‡asubstitute care
‡2eczenas |
|---|
| 650 | 0 | 9. |
‡ainstitutional child care
‡2eczenas |
|---|
| 650 | 0 | 9. |
‡afamily preservation
‡2eczenas |
|---|
| 650 | 0 | 9. |
‡asocial integration
‡2eczenas |
|---|
| 655 | | 7. |
‡asborníky konferencí
‡7fd133333
‡2czenas |
|---|
| 655 | | 9. |
‡aproceedings of conferences
‡2eczenas |
|---|
| 710 | 1 | . |
‡aPlzeňský kraj (Česko).
‡bKrajský úřad
‡7kn20040813001
‡4orm |
|---|
| 710 | 2 | . |
‡aFederace dětských domovů ČR
‡7kv2010569452
‡4orm |
|---|
| 910 | | . |
‡aABG312 |
|---|
| 950 | | . |
‡aska |
|---|
| 901 | | . |
‡a30549
‡b
‡c30549
‡tbiblio |
|---|